Người làng Sủi kể chuyện Cao Bá Quát : Ký sự chân dung
Cuốn sách này lại kể chuyện nhà thơ từ góc nhìn quê hương, về những câu thơ thấm đậm hồn quê, và từ thuở ấy ông nhìn ra thế giới.
Đã lưu trong:
| Tác giả chính: | |
|---|---|
| Định dạng: | Sách |
| Ngôn ngữ: | Undetermined |
| Được phát hành: |
Thành phố Hồ Chí Minh
Văn hóa - Văn nghệ
2013
|
| Những chủ đề: | |
| Các nhãn: |
Thêm thẻ
Không có thẻ, Là người đầu tiên thẻ bản ghi này!
|
| Thư viện lưu trữ: | Trung tâm Học liệu Trường Đại học Cần Thơ |
|---|
| LEADER | 00921nam a2200229Ia 4500 | ||
|---|---|---|---|
| 001 | CTU_188403 | ||
| 008 | 210402s9999 xx 000 0 und d | ||
| 020 | |c 230000 | ||
| 082 | |a 895.92210092 | ||
| 082 | |b X502 | ||
| 100 | |a Xuân Cang | ||
| 245 | 0 | |a Người làng Sủi kể chuyện Cao Bá Quát : | |
| 245 | 0 | |b Ký sự chân dung | |
| 245 | 0 | |c Xuân Cang, Cao Bá Nghiệp | |
| 260 | |a Thành phố Hồ Chí Minh | ||
| 260 | |b Văn hóa - Văn nghệ | ||
| 260 | |c 2013 | ||
| 520 | |a Cuốn sách này lại kể chuyện nhà thơ từ góc nhìn quê hương, về những câu thơ thấm đậm hồn quê, và từ thuở ấy ông nhìn ra thế giới. | ||
| 650 | |a Vietnamese poetry,Thơ Việt Nam | ||
| 650 | |y 19 century,Thế kỷ 19 | ||
| 910 | |a Hải | ||
| 980 | |a Trung tâm Học liệu Trường Đại học Cần Thơ | ||